US State by National Parks - Statistics

General Stats
  • This quiz has been taken 33 times
    12 since last reset
  • The average score is 25 of 28
Answer Stats
Hint Answer % Correct
Denali National Park,
Gates of the Arctic National Park, Glacier Bay National Park, Katmai National Park, Kenai Fjords National Park, Kobuk Valley National Park, Lake Clark National Park, Wrangell-St. Elias National Park,
Alaska
100%
Channel Islands National Park, Death Valley National Park, Joshua Tree National Park, Kings Canyon National Park, Lassen Volcanic National Park, Pinnacles National Park, Redwood National Park, Sequoia National Park, Yosemite National Park, California
100%
Black Canyon of the Gunnison National Park,
Great Sand Dunes National Park, Mesa Verde National Park, Rocky Mountain National Park,
Colorado
100%
Biscayne National Park, Dry Tortugas National Park, Everglades National Park, Florida
100%
Haleakala National Park,
Hawai’i Volcanoes National Park,
Hawaii
100%
Glacier National Park,Yellowstone National Park, Montana
100%
Death Valley National Park,Great Basin National Park, Nevada
100%
Arches National Park, Bryce Canyon National Park, Canyonlands National Park, Capitol Reef National Park, Zion National Park, Utah
100%
Mount Rainier National Park, North Cascades National Park, Olympic National Park, Washington
100%
Grand Teton National Park,Yellowstone National Park, Wyoming
100%
Grand Canyon National Park,
Petrified Forest National Park, Saguaro National Park,
Arizona
91%
Yellowstone National Park, Idaho
91%
Acadia National Park, Maine
91%
Crater Lake National Park, Oregon
91%
Badlands National Park, South Dakota
91%
Big Bend National Park, Guadalupe Mountains National Park, Texas
91%
Shenandoah National Park, Virginia
91%
Indiana Dunes National Park, Indiana
82%
Mammoth Cave National Park, Kentucky
82%
Gateway Arch National Park, Missouri
82%
Great Smoky Mountains National Park, North Carolina
82%
Theodore Roosevelt National Park, North Dakota
82%
Cuyahoga Valley National Park, Ohio
82%
New River Gorge National Park, West Virginia
82%
Hot Springs National Park, Arkansas
73%
Carlsbad Caverns National Park, White Sands National Park, New Mexico
73%
Isle Royale National Park, Michigan
64%
Voyageurs National Park, Minnesota
55%
No matching quizzes found
Score Distribution
Percent of People with Each Score
Percentile by Number Answered
Your Score History
You have not taken this quiz since the last reset